ბათუმის შოთა რუსთაველის სახელმწიფო უნივერსიტეტის ბიბლიოთეკა

იმერთა მეფენი - სოლომონ პირველი და სოლომონ მეორე / (ბიბ.ჩანაწერი № 56339)

000 -ლიდერი
ფიქსირებული სიგრძის საკონტროლო ველი 01959nam a2200277Ia 4500
001 - საკონტროლო ნომერი
საკონტროლო ველი 23452
003 - საკონტროლო ნომრის იდენტიფიკატორი
საკონტროლო ველი GE_BSU
005 - ბოლო ოპერაციის თარიღი და დრო
საკონტროლო ველი 20260121210112.0
008 - ფიქსირებული სიგრძის მონაცემთა ელემენტები - ზოგადი ინფორმაცია
ფიქსირებული სიგრძის საკონტროლო ველი 181216s1992||||ge |||||||||||||| ||geo||
040 ## - კატალოგიზაციის წყარო
Transcribing agency GE_BSU
041 ## - ენის კოდი
Language code of text/sound track or separate title geo
080 ## - უნივერსალური ათობითი კლასიფიკაციის ინდექსი
Universal Decimal Classification number 94(479.222.1)"17"+929.731(479.22) რ-52
100 ## - მთავარი ჩანაწერი - პიროვნების სახელი
Personal name რეხვიაშვილი, მიხეილ
9 (RLIN) 26716
245 ## - ცნობა სათაურის შესახებ
Title იმერთა მეფენი - სოლომონ პირველი და სოლომონ მეორე /
Remainder of title მიხეილ რეხვიაშვილი ; [რედ.: ქ. ჩხატარაიშვილი].
264 ## - წარმოების, გამოცემის, დისტრიბუციის და სხვა ცნობები
გამოცემის, წარმოების, დისტრიბუციის... ადგილი ქუთაისი :
გამოცემის, წარმოების, დისტრიბუციის... სახელწოდება სარანგი,
გამოცემის, წარმოების, დისტრიბუციის... თარიღი 1992.
300 ## - ფიზიკური აღწერა
Extent 328 გვ. ;
Dimensions 20 სმ.
500 ## - ზოგადი შენიშვნა
General note ფორზაცზე მიხეილ რეხვიაშვილის სასაჩუქრე მინაწერი გივი კობახიძისადმი
500 ## - ზოგადი შენიშვნა
General note წიგნი იმერთა მეფეების სოლომონ პირველისა და სოლომონ მეორის გმირული ბრძოლებით აღსავსე ისტორიას მოგვითხრობს
520 ## - SUMMARY, ETC.
Summary, etc წიგნი იმერთა მეფეების სოლომონ პირველისა და სოლომონ მეორის გმირული ბრძოლებით აღსავსე ისტორიას მოგვითხრობს
653 ## - INDEX TERM--UNCONTROLLED
Uncontrolled term იმერეთის ისტორია
653 ## - INDEX TERM--UNCONTROLLED
Uncontrolled term იმერეთის მეფეები
653 ## - INDEX TERM--UNCONTROLLED
Uncontrolled term იმერთა მეფენი - სოლომონ პირველი და სოლომონ მეორე
700 ## - ADDED ENTRY--PERSONAL NAME
Personal name ჩხატარაიშვილი, ქ.
Relator term რედაქტორი
9 (RLIN) 26717
942 ## - ADDED ENTRY ELEMENTS (KOHA)
Koha item type წიგნი
Source of classification or shelving scheme
ეგზემპლარები
ჩამოწერის სტატუსი დაკარგული ეგზემპლარის სტატუსი კლასიფიკაციის წყარო ან თაროზე გაწყობის სქემა დაზიანების სტატუსი არ გაიცემა მუდმივი მდებარეობა (დაცვის ადგილი) ამჟამინდელი ადგილსამყოფელი თაროზე განთავსების ადგილი შეძენის თარიღი ღირებულება, შესყიდვის ნორმალური ფასი სრული შენახვის შიფრი შტრიხკოდი ბოლო ოპერაციის თარიღი ეგზემპლარის მიმდევრობითი ნომერი (კეტერი?) ფასის ძალაში შესვლის თარიღი ეგზემპლარის სახეობა საჯარო შენიშვნა
          ბათუმის შოთა რუსთაველის სახელმწიფო უნივერსიტეტის მთავარი ბიბლიოთეკა ბათუმის შოთა რუსთაველის სახელმწიფო უნივერსიტეტის მთავარი ბიბლიოთეკა წიგნსაცავი 2018-12-17 10.00 94(479.222.1) რ-52 28364 2018-12-17 28364 2018-12-17 წიგნი 10.00 ₾.